000 00351nam a2200145Ia 4500
008 151213s9999 xx 000 0 und d
100 _aPeter Fisher
245 _aNTC Vocabulary builders
_cPeter Fisher
260 _aUSA
_bNTC
300 _a861 p.
650 _a English Language
650 _aEnglish Language
700 _aPeter Fisher
999 _c971
_d971